Μαθήματα γενικών μαθηματικών

Αποθηκεύτηκε σε:
Λεπτομέρειες βιβλιογραφικής εγγραφής
Κύριος συγγραφέας: Τσίτσας, Λεωνίδας Ν.
Μορφή: Βιβλίο
Γλώσσα:Greek
Δημοσίευση: Αθανασόπουλος, 1985
Έκδοση:2η εκδ.
Θέματα:
Ετικέτες: Προσθήκη ετικέτας
Δεν υπάρχουν, Καταχωρήστε ετικέτα πρώτοι!

MARC

LEADER 00000nam a2200000 i 4500
001 1/42753
008 941103m1985 gre d
035 |a 1988  |l 10041847 
040 |a GR-MY-UA  |b gre  |e aacr 
041 0 |a gre 
082 0 |a 515.33 
100 1 |a Τσίτσας, Λεωνίδας Ν. 
245 1 0 |a Μαθήματα γενικών μαθηματικών /  |c Λεωνίδα Ν. Τσίτσα 
250 |a 2η εκδ. 
260 |b Αθανασόπουλος,   |c 1985 
300 |a 2 τ.;  |c 24 εκ. 
505 0 |a Τομ.1: Γραμμική άλγεβρα, αναλυτική γεωμετρία, απειροστικός λογισμός και εφαρμογές αυτών στις φυσικές επιστήμες.-- Τομ.2: Διαφορικός και ολοκληρωτικός λογισμός διανυσματικών συναρτήσεων πολλών μεταβλητών, διανυσματική ανάλυση και εφαρμογές. 
650 0 0 |a Calculus. 
650 0 0 |a Algebras, Linear. 
650 0 0 |a Geometry, Analytic. 
852 |a INST  |b SAMOS  |e 19941103  |h 515.33 ΤΣΙ  |p 005300001508  |q 005300001508  |t BK  |y 0  |z τ.1 
852 |a INST  |b SAMOS  |e 19941103  |h 515.33 ΤΣΙ  |p 005300001509  |q 005300001509  |t BK  |y 0  |z τ.1 
852 |a INST  |b SAMOS  |e 19941103  |h 515.33 ΤΣΙ  |p 005300001510  |q 005300001510  |t BK  |y 0  |z τ.2 
852 |a INST  |b SAMOS  |e 19941103  |h 515.33 ΤΣΙ  |p 005300001508  |q 005300001508  |t BK  |v τ.1:  |y 0  |z τ.1 
852 |a INST  |b SAMOS  |e 19941103  |h 515.33 ΤΣΙ  |p 005300001509  |q 005300001509  |t BK  |v τ.1:  |y 0  |z τ.1 
852 |a INST  |b SAMOS  |e 19941103  |h 515.33 ΤΣΙ  |p 005300001510  |q 005300001510  |t BK  |v τ.2:  |y 0  |z τ.2 
853 |a INST  |b SAMOS  |h 515.33 ΤΣΙ 
909 |a Σ  |b 012405 
909 |a Σ  |b 012403 
909 |a Σ  |b 012404